| 000 | 003310000a22001330004500 | ||
|---|---|---|---|
| 003 | MACL | ||
| 040 | _aMACL | ||
| 090 |
_c38331 _d38329 |
||
| 100 | _aBurton, Sir Richard F | ||
| 245 | _aPersonal Narrative of A Pilgrimage to Al Madinah and Meccah | ||
| 260 |
_bG Bell & Sons Ltd _c1913 |
||
| 650 | _aReligion | ||
| 942 |
_cBOOK _k297/MON |
||
| 999 |
_c37922 _d37922 |
||